Statistics for Biggest Cities in the Kushan Empire with a Map

Click here to take the quiz!

General Stats

  • This quiz has been taken 64 times
  • The average score is 8 of 26

Answers on the Map

Answers color-coded by a green-red scale on the quiz's map according to % correct below.
 

Answer Stats

PopulationCity% Correct
45kHaraiva
(Herat)
76%
65kPataliputra
(Patna)
68%
45kMarakanda
(Samarkand)
66%
50kKashi
(Varanasi)
64%
40kMargiana
(Merv)
50%
120kPurushapura
(Peshawar)
50%
60kShule
(Kashgar)
44%
50kSrinagari
(Srinagar)
44%
50kBakhlo
(Balkh)
40%
30kTakshashila
(Taxila)
28%
45kUjjayini
(Ujjain)
26%
80kGostan
(Hotan)
24%
70kPatala
(Thatta?)
24%
70kMethora
(Mathura)
22%
30kSaketa
(Ayodhya)
18%
55kBharukaccha
(Bharuch)
16%
30kJalandhara
(Jalandhar)
16%
60kSangala
(Sialkot)
16%
50kZranka
(Zaranj)
16%
35kBesnagar
(Vidisha)
14%
40kAhichchhatra
(Ramnagar)
12%
50kAror
(Rohri)
12%
60kDadhipadra
(Dahod)
12%
50kKaushambi
12%
35kShravasti
12%
55kVaishali
12%

Score Distribution

Percentile by Number Answered

Percent of People with Each Score

Your Score History

You have not taken this quiz